00577nam a2200193Ia 4500020001800000082001500018245006900033260004800102300001000150650002400160650003300184650002000217650002400237650002200261650004200283650002500325700001600350700001700366 a81-85131-06-6 a025.5 CUR; 0aCurrent problems and trends in library and information services aVaranasibIndian Bibliographic Centrec1990 a370p. aLibrary legislation aLibrary information networks aLibrary science aLibrary use studies aLibrary education aLIBRIS (Information retrieval system) aInformation services aKhan, H.A.  aIjari, S.R.